Statistics for Complete the Titles of Songs (Vehicles)

Click here to take the quiz!

General Stats

  • This quiz has been taken 46 times
  • The average score is 9 of 15

Answer Stats

Song Title% Correct
Yellow {Submarine} [The Beatles]
98%
{Rocket} Man [Elton John]
93%
Get Outta My Dreams, Get into My {Car} [Billy Ocean]
90%
Leaving On A Jet {Plane} [John Denver]
90%
Midnight {Train} To Georgia [Gladys Knight & the Pips]
90%
The Banana {Boat} Song (Day-O) [Harry Belafonte]
79%
Big Yellow {Taxi} [Joni Mitchell]
74%
{Bicycle} Race [Queen]
71%
On The Good {Ship} Lollipop [Shirley Temple]
62%
{Ferry} Cross The Mersey [Gerry and the Pacemakers]
57%
{Chariots} Of Fire [Vangelis]
48%
{Sloop} John B [The Beach Boys]
48%
{Caravan} Of Love [Isley-Jasper-Isley]
17%
{Motorcycle} Emptiness [Manic Street Preachers]
14%
{Sleigh} Ride [The Ronettes]
12%

Score Distribution

Percentile by Number Answered

Percent of People with Each Score

Your Score History

You have not taken this quiz